CIMA Paper C05, Fundamentals of ethics,Governance and business law : (Record no. 34670)
[ view plain ]
| 000 -LEADER | |
|---|---|
| fixed length control field | 00572nam a22001697a 4500 |
| 005 - DATE AND TIME OF LATEST TRANSACTION | |
| control field | 20240503095806.0 |
| 008 - FIXED-LENGTH DATA ELEMENTS--GENERAL INFORMATION | |
| fixed length control field | 231102b |||||||| |||| 00| 0 eng d |
| 020 ## - INTERNATIONAL STANDARD BOOK NUMBER | |
| ISBN | 978-1-78415-117-1 |
| 082 ## - DEWEY DECIMAL CLASSIFICATION NUMBER | |
| Classification number | 346.42065076 |
| Item number | CIM |
| 245 ## - TITLE STATEMENT | |
| Title | CIMA Paper C05, Fundamentals of ethics,Governance and business law : |
| Remainder of title | Exam Practical Kit / |
| Statement of responsibility, etc. | Chartered Institute of Management Accountants |
| 260 ## - PUBLICATION, DISTRIBUTION, ETC. | |
| Place of Publication | UK : |
| Name of publisher, distributor, etc. | Kaplan / |
| Date of publication, distribution, etc. | 2014 |
| 300 ## - PHYSICAL DESCRIPTION | |
| Pages | 148 |
| 500 ## - GENERAL NOTE | |
| General note | Exam Practical Kit |
| 650 ## - SUBJECT ADDED ENTRY--TOPICAL TERM | |
| Subject / Department | Management Accountants |
| 700 ## - ADDED ENTRY--PERSONAL NAME | |
| Personal name | Chartered Institute of Management Accountants |
| 952 ## - LOCATION AND ITEM INFORMATION (KOHA) | |
| -- | 0 |
| -- | 0 |
| Lost status | Damaged status | Collection code | Permanent Location | Current Location | Shelving Location | Date acquired | Full Call Number | Accession No./Barcode | Date last seen | item type | Koha item type |
|---|---|---|---|---|---|---|---|---|---|---|---|
| Management | Superior Information Resource Center (SIRC) Superior University - City Campus | Superior Information Resource Center (SIRC) Superior University - City Campus | Management Accounting | 11/02/2023 | 346.42065076 CIM 2014 | 20900 | 11/02/2023 | BOOK | BOOK |
